=LDR 00000nam 2200000 4500 =001 NUTBA000000000005595 =005 20141104102854.0 =006 =007 =008 =020 ##$$a 978-979-078-113-9 =035 ##$$a 0010-111400000000074 =040 ##$$a NBPDMAT =082 ##$$a 372.5 =090 ##$$a 372.5 $b Was s =100 ##$$a Wasino =245 ##$$a Seni dan Budaya Keterampilan untuk SD dan MI kelas 2/ $c Wasino, Dadang Suryadi; Penyunting Rahmi Ulya, Azza Nur Laela =250 ##$$a Cet.1 =260 ##$$a Jakarta : $b Dian Rakyat, $c 2010 =300 ##$$aviii, 167 hlm. : $b ilus. ; $c24 cm. =500 ##$$a Bibliografi : hlm.164, $a Indeks : hlm.165 =650 ##$$a Kesenian Sd - Studi dan Pengajaran =700 ##$$a Rahmi Ulya, $a Azza Nur Laela =850 ##$$a NBPDMAT